NR market down despite fall in output growth (Record no. 64156)

MARC details
000 -LEADER
fixed length control field 00450nam a2200133Ia 4500
100 ## - MAIN ENTRY--AUTHOR NAME
Personal name Tiyo
245 #0 - TITLE STATEMENT
Title NR market down despite fall in output growth
260 ## - PUBLICATION, DISTRIBUTION, ETC. (IMPRINT)
Name of publisher Rubber Asia
Year of publication 2013
300 ## - PHYSICAL DESCRIPTION
Number of Pages 102
520 ## - SUMMARY, ETC.
Summary, etc With global economic slowdown and a serious demand recession in Europe continuing unabated, NR prices are unlikely to move up in the near future
650 ## - SUBJECT ADDED ENTRY--TOPICAL TERM
Topical Term NR market
942 ## - ADDED ENTRY ELEMENTS (KOHA)
Koha item type Journals
Holdings
Withdrawn status Lost status Damaged status Not for loan Home library Current library Shelving location Date acquired Serial Enumeration / chronology Koha item type
      Journals RRII Library RRII Library Economics 21/08/2013 Volume 27, Issue 2 Journals